|
|
|
|
| LEADER |
00000nam a22000007a 4500 |
| 005 |
20201117223441.0 |
| 007 |
cr|||| |||| |
| 008 |
201117s2019 br |||||s|||| 00||0 por d |
| 020 |
|
|
|a 978-85-8310-111-6
|
| 035 |
|
|
|a 32290
|
| 040 |
|
|
|a vLex
|
| 090 |
|
|
|c 10884
|d 10884
|
| 100 |
1 |
|
|a Lins, Robson Maia
|
| 245 |
1 |
0 |
|a Curso de Direito Tributr̀io Brasileiro
|h [Recurso electrn̤ico] /
|c Robson Maia Lins
|
| 256 |
|
|
|a Servicio en ln̕ea
|
| 260 |
|
|
|a San Pablo:
|b Editora Noeses,
|c 2019
|
| 300 |
|
|
|a 1 recurso electrn̤ico
|
| 506 |
1 |
|
|a Disponible solo en los productos indicados
|d vLex Global
|d vLex Global (Academic Edition, excluding Law Schools)
|d vLex Global (U.S. Academic Edition, Law Schools)
|d vLex Global (U.S. Academic Edition, excluding Law Schools)
|d vLex Global (Academic Edition, Law Schools)
|
| 650 |
0 |
4 |
|a Derecho Fiscal
|z Brasil
|
| 740 |
0 |
|
|a vLex Libros (Servicio en ln̕ea)
|
| 856 |
4 |
0 |
|u http://vlex.com/source/curso-direito-tributario-brasileiro-32290
|z Acceso restringido
|
| 942 |
|
|
|c BOOK
|
| 999 |
0 |
|
|a Tax Law
|